书目信息 |
| 题名: |
全国邮电思想政治工作研究优秀成果选编
|
|
| 作者: | ;中国邮电职工思想政治工作研究会 | |
| 分册: | ||
| 出版信息: | 北京 人民邮电出版社 2007.12 |
|
| 页数: | 422页 | |
| 开本: | 20cm | |
| 丛书名: | ||
| 单 册: | ||
| 中图分类: | D412.65 | |
| 科图分类: | ||
| 主题词: | 工人运动 , 工人群众组织 | |
| 电子资源: | ||
| ISBN: | 978-7-115-16555-8 | |
| 000 | 00779nam0 2200229 45 | |
| 001 | 0932206796 | |
| 005 | 20091018085910.17 | |
| 010 | @a978-7-115-16555-8@dCNY29.00 | |
| 100 | @a20090515d2007 ekmy0 y0120 ea | |
| 102 | @aCN@b130000 | |
| 102 | @aCN@b110000 | |
| 105 | @ay z 000yy | |
| 200 | 1 | @a全国邮电思想政治工作研究优秀成果选编@f中国邮电职工思想政治工作研究会@Fzhong guo you dian zhi gong si xiang zheng zhi gong zuo yan jiu hui |
| 210 | @a北京@c人民邮电出版社@d2007.12 | |
| 215 | @a422页@d20cm | |
| 606 | 0 | @a工人运动 |
| 606 | 0 | @a工人群众组织 |
| 690 | @aD412.65@v4 | |
| 711 | 02 | @a中国邮电职工思想政治工作研究会@Azhong guo you dian zhi gong si xiang zheng zhi gong zuo yan jiu hui |
| 801 | 0 | @aCN@c20091018 |
| 905 | @a10447@dD412.65@eZ654:12 | |
| 906 | @d29@n3@r1 | |
| 全国邮电思想政治工作研究优秀成果选编/中国邮电职工思想政治工作研究会.-北京:人民邮电出版社,2007.12 |
| 422页;20cm |
| ISBN 978-7-115-16555-8:CNY29.00 |
| ● |
| 相关链接 |
|
|
|
正题名:全国邮电思想政治工作研究优秀成果选编
索取号:D412.65/Z654:12
 
预约/预借
| 序号 | 登录号 | 条形码 | 馆藏地/架位号 | 状态 | 备注 |
| 1 | 655421 | 206554218 | 社科库509/509社科库 70排4列3层/ [索取号:D412.65/Z654:12] | 在馆 | |
| 2 | 655422 | 206554227 | 社科库509/509社科库 70排4列3层/ [索取号:D412.65/Z654:12] | 在馆 | |
| 3 | 655423 | 206554236 | 社科库509/509社科库 70排4列3层/ [索取号:D412.65/Z654:12] | 在馆 |